书目信息 |
| 题名: |
组合导航原理与技术
|
|
| 作者: | 张国良 , 曾静 著 | |
| 分册: | ||
| 出版信息: | 西安 西安交通大学出版社 2008.05 |
|
| 页数: | 208页 | |
| 开本: | 26cm | |
| 丛书名: | ||
| 单 册: | ||
| 中图分类: | TN967.2 | |
| 科图分类: | ||
| 主题词: | 组合导航--zu he dao hang--研究 | |
| 电子资源: | ||
| ISBN: | 978-7-5605-2726-0 | |
| 000 | 00920nam0 2200253 450 | |
| 001 | 012009340586 | |
| 005 | 20090622154019.85 | |
| 010 | @a978-7-5605-2726-0@dCNY22.00 | |
| 100 | @a20090622d2008 em y0chi0120 ea | |
| 101 | 0 | @achi |
| 102 | @aCN@b610000 | |
| 105 | @aa a 000yy | |
| 106 | @ar | |
| 200 | 1 | @a组合导航原理与技术@Azu he dao hang yuan li yu ji shu@f张国良, 曾静著@Fzhang guo liang,ceng jing zhu |
| 210 | @a西安@c西安交通大学出版社@d2008.05 | |
| 215 | @a208页@c图@d26cm | |
| 320 | @a有书目 (第205-208页) | |
| 330 | @a本书描述了组合导航系统的思想、原理与系统设计方法,重点描述了组合导航系统在工程技术领域的最优状态估计、滤波器设计、实时性设计、容错设计及硬件系统设计等技术与方法。 | |
| 606 | 0 | @a组合导航@Azu he dao hang@x研究 |
| 690 | @aTN967.2@v4 | |
| 701 | 0 | @a张国良@Azhang guo liang@4著 |
| 701 | 0 | @a曾静@Aceng jing@4著 |
| 801 | 0 | @aCN@bQSSK@c20090622 |
| 905 | @b747482-84@dTN967.2@eZ103@f3 | |
| 组合导航原理与技术/张国良, 曾静著.-西安:西安交通大学出版社,2008.05 |
| 208页:图;26cm |
| ISBN 978-7-5605-2726-0:CNY22.00 |
| 本书描述了组合导航系统的思想、原理与系统设计方法,重点描述了组合导航系统在工程技术领域的最优状态估计、滤波器设计、实时性设计、容错设计及硬件系统设计等技术与方法。 |
| ● |
| 相关链接 |
|
|
|
正题名:组合导航原理与技术
索取号:TN967.2/Z103
 
预约/预借
| 序号 | 登录号 | 条形码 | 馆藏地/架位号 | 状态 | 备注 |
| 1 | 747482 | 207474829 | 自科库301/301自科库 33排3列1层/ [索取号:TN967.2/Z103] | 在馆 | |
| 2 | 747483 | 207474838 | 自科库301/301自科库 101排1列4层/ [索取号:TN967.2/Z103] | 在馆 | |
| 3 | 747484 | 207474847 | 自科库301/301自科库 101排1列4层/ [索取号:TN967.2/Z103] | 在馆 |